Permitted development rights for microgeneration equipment on non-domestic properties (Record no. 110878)
[ view plain ]
| 000 -LEADER | |
|---|---|
| fixed length control field | 01137cad a22002055a 4500 |
| 001 - CONTROL NUMBER | |
| control field | E150458 |
| 008 - FIXED-LENGTH DATA ELEMENTS--GENERAL INFORMATION | |
| fixed length control field | 100715s2010 xxk 000 0 eng d |
| 020 ## - INTERNATIONAL STANDARD BOOK NUMBER | |
| International Standard Book Number | 9780755994670 |
| 035 ## - SYSTEM CONTROL NUMBER | |
| System control number | (Sirsi) u150458 |
| 041 0# - LANGUAGE CODE | |
| Language code of text/sound track or separate title | eng |
| 110 2# - MAIN ENTRY--CORPORATE NAME | |
| Corporate name or jurisdiction name as entry element | Scotland |
| Subordinate unit | Scottish Government |
| 9 (RLIN) | 5344 |
| 245 00 - TITLE STATEMENT | |
| Title | Permitted development rights for microgeneration equipment on non-domestic properties |
| Remainder of title | consultation |
| Medium | [electronic resource] |
| 260 ## - PUBLICATION, DISTRIBUTION, ETC. | |
| Place of publication, distribution, etc. | Edinburgh |
| Name of publisher, distributor, etc. | Scottish Government |
| Date of publication, distribution, etc. | 2010 |
| 520 ## - SUMMARY, ETC. | |
| Summary, etc. | Seeks views on proposals to remove planning controls relating to the installation of microgeneration technologies on non-domestic properties. Its is hoped that the proposals will encourage the technology to be taken up more widely, whilst safeguarding the interests of neighbours and the surrounding built and natural environment. Deadline for comments is 8 October 2010. |
| 590 ## - LOCAL NOTE (RLIN) | |
| Local note | KA |
| 651 #4 - SUBJECT ADDED ENTRY--GEOGRAPHIC NAME | |
| Geographic name | Scotland |
| Chronological subdivision | 1999- |
| 690 ## - LOCAL SUBJECT ADDED ENTRY--TOPICAL TERM (OCLC, RLIN) | |
| Topical term or geographic name as entry element | ENVIRONMENTAL AND LAND CONSULTANCY-ENERGY-ENERGY USE-ENERGY EFFICIENCY |
| 856 40 - ELECTRONIC LOCATION AND ACCESS | |
| Uniform Resource Identifier | <a href="https://www.scotland.gov.uk/Publications/2010/07/15092031/0">https://www.scotland.gov.uk/Publications/2010/07/15092031/0</a> |
| Public note | View the consultation free of charge at www.scotland.gov.uk |
| 942 ## - ADDED ENTRY ELEMENTS (KOHA) | |
| Suppress in OPAC | 0 |
| Withdrawn status | Lost status | Source of classification or shelving scheme | Damaged status | Not for loan | Home library | Current library | Shelving location | Date acquired | Total Checkouts | Full call number | Barcode | Date last seen | Copy number | Price effective from | Koha item type |
|---|---|---|---|---|---|---|---|---|---|---|---|---|---|---|---|
| Dewey Decimal Classification | Virtual | Virtual | Online | 15/07/2010 | ONLINE PUBLICATION | 150458-2001 | 06/08/2019 | 1 | 06/08/2019 | Book |